000 01924cam a2200373 i 4500
999 _c10337
_d10337
001 21960473
003 GBCCL
005 20241126110730.0
008 210326s2021 ilua b 000 0 eng
010 _a 2021013715
020 _a9780830831722
_q(print)
020 _z9780830831739
_q(digital)
040 _aDLC
_beng
_erda
_cDLC
_dDLC
042 _apcc
050 0 0 _aBV3790
_b.M66 2021
082 0 0 _a269.2
_223
_bMOO
100 1 _aMoon, W. Jay,
_eauthor.
_917934
245 1 0 _aEffective intercultural evangelism :
_bgood news in a diverse world /
_cW. Jay Moon and W. Bud Simon.
264 1 _aDowners Grove, Illinois :
_bIVP, an imprint of InterVarsity Press,
_c[2021]
300 _a216 pages :
_billustrations ;
_c22 cm
336 _atext
_btxt
_2rdacontent
337 _aunmediated
_bn
_2rdamedia
338 _avolume
_bnc
_2rdacarrier
504 _aIncludes bibliographical references (pages [205]-216).
520 _a"We live in a multicultural society, but many Christians hesitate to engage those of other faiths about Christianity. Exploring evangelism from the perspective of four major worldviews, Jay Moon and Bud Simon unpack the intercultural dynamics at hand when sharing the gospel across cultures, offering contextual evangelism approaches that are relevant, biblical, and practical"--
_cProvided by publisher.
650 0 _aEvangelistic work.
_9290
650 0 _aChristianity and culture.
_9886
650 0 _aChristianity and other religions.
_912
700 1 _aSimon, W. Bud
_q(Walter Bud),
_eauthor.
_917935
776 0 8 _iOnline version:
_aMoon, W. Jay.
_tEffective intercultural evangelism
_dDowners Grove, IL : InterVarsity Press, 2021
_z9780830831739
_w(DLC) 2021013716
906 _a7
_bcbc
_corignew
_d1
_eecip
_f20
_gy-gencatlg
942 _2ddc
_cBK